Départements de France - plus dense au moins dense avec carte - Statistiques

Statistiques générales
  • Ce quiz a été pris 415 fois
  • Le résultat moyen est 41 sur 101
Réponses sur la Carte
Les réponses sont colorées sur une échelle allant du rouge au vert en fonction du pourcentage des utilisateurs qui les ont devinées à leur premier essai. Vous pouvez retrouver ces pourcentages ci-dessous.
 
Statistiques - réponses
Nom Densité % Correct
Paris 21154
97%
Hauts-de-Seine 9062
92%
Seine-Saint-Denis 6573
92%
Val-de-Marne 5526
92%
Val-d'Oise 959
88%
Essonne 695
86%
Yvelines 621
85%
Mayotte 566
74%
Rhône 548
74%
Nord 452
73%
Bouches-du-Rhône 392
67%
La Réunion 334
64%
Martinique 344
64%
Guadeloupe 248
62%
Alpes-Maritimes 251
61%
Bas-Rhin 233
61%
Territoire de Belfort 235
58%
Guyane 3
56%
Haut-Rhin 215
56%
Pas-de-Calais 220
56%
Seine-et-Marne 231
56%
Lozère 15
55%
Haute-Garonne 206
53%
Moselle 168
50%
Hérault 179
48%
Isère 166
48%
Loire-Atlantique 195
48%
Creuse 22
47%
Loire 158
47%
Seine-Maritime 200
47%
Var 172
47%
Haute-Savoie 175
45%
Gironde 151
44%
Hautes-Alpes 25
42%
Ille-et-Vilaine 151
42%
Vaucluse 157
42%
Alpes-de-Haute-Provence 23
41%
Finistère 134
41%
Meurthe-et-Moselle 139
41%
Gard 125
39%
Cantal 26
38%
Oise 139
38%
Ariège 31
36%
Ain 106
33%
Calvados 124
33%
Maine-et-Loire 112
33%
Manche 84
33%
Pyrénées-Atlantiques 86
33%
Somme 93
33%
Eure 98
32%
Marne 70
32%
Tarn 66
32%
Aveyron 32
30%
Doubs 101
30%
Gers 30
30%
Landes 43
30%
Puy-de-Dôme 80
30%
Corrèze 41
29%
Corse-du-Sud 36
29%
Drôme 75
29%
Haute-Corse 36
29%
Haute-Marne 30
29%
Meuse 31
29%
Nièvre 31
29%
Orne 48
29%
Sarthe 91
29%
Tarn-et-Garonne 66
29%
Vendée 97
29%
Vosges 64
29%
Aisne 73
27%
Ardèche 58
27%
Aude 58
27%
Charente-Maritime 92
27%
Cher 43
27%
Côte-d'Or 60
27%
Côtes-d'Armor 87
27%
Haute-Vienne 68
27%
Loiret 98
27%
Lot 33
27%
Mayenne 51
27%
Morbihan 108
27%
Pyrénées-Orientales 111
27%
Saône-et-Loire 65
27%
Dordogne 46
26%
Indre 34
26%
Savoie 70
26%
Allier 47
24%
Aube 59
24%
Indre-et-Loire 97
24%
Vienne 62
24%
Yonne 46
24%
Ardennes 54
23%
Hautes-Pyrénées 51
23%
Jura 52
23%
Charente 59
21%
Eure-et-Loir 73
20%
Haute-Loire 45
20%
Haute-Saône 45
20%
Loir-et-Cher 52
20%
Deux-Sèvres 62
18%
Lot-et-Garonne 62
18%
Aucun quiz correspondant
Distribution des résultats
% des personnes avec chaque résultat
Percentile par nombre de réponses
Votre historique - résultats
Vous n’avez pas pris ce quiz